Statistics for Colonies

Click here to take the quiz!

General Stats

  • This quiz has been taken 42,533 times
  • The average score is 16 of 22

Answer Stats

Colony Dates Mother Country % Correct
Brazil1532-1825Portugal
98%
Hong Kong1842-1997United Kingdom
97%
Alaska1784-1867Russia
92%
Virginia1607-1776Great Britain
87%
Haiti1697-1804France
86%
Guatemala1609-1821Spain
85%
Guam1898-United States
85%
Korea1910-1945Japan
84%
New South Wales1788-1901United Kingdom
83%
Iceland1380-1944Denmark
79%
----- East Indies1603-1949Netherlands
79%
Philippines1565-1898Spain
79%
Philippines1898-1946United States
77%
Congo1908-1960Belgium
77%
Southern Rhodesia1889-1953United Kingdom
71%
Libya1912-1947Italy
65%
Suriname1667-1975Netherlands
64%
Macao1557-1999Portugal
62%
Kamerun1884-1919Germany
49%
Acadia1604-1713France
43%
Carthage814-650 BCPhoenicia (Tyre)
18%
Saint Barthélemy1784-1878Sweden
14%

Score Distribution

Percentile by Number Answered

Percent of People with Each Score

Your Score History

You have not taken this quiz